000 00256nam a2200097Ia 4500
008 190216s9999||||xx |||||||||||||| ||und||
100 _aUmmer Kutty A N P
245 0 _aVaithyutha Engineering Adisthana Thathwangal
260 _bKerala Basha Inst
942 _cBK
999 _c37828
_d37828